000 02495nam0a2200373 4500
001 RU\NLR\BIBL_A\012546127
005 20210721175109.0
010 _a978-5-9275-3640-5
_9300 экз.
021 _aRU
_bКН-П-21-006657
_9КН-П-21-0519
035 _a(NLR Aleph) 012546127
035 _a(RuMoRGB)010571132
090 _a12415310
_c12415310
100 _a20210615d2020 u y0rusy50 ca
101 0 _aeng
_arus
102 _aRU
105 _aa j 000zy
181 0 _ai
_baxxe
182 0 _an
200 1 _aForeign language (English) as a means of communication in the process of harmonization and socialization
_dИностранный язык (английский) как средство коммуникации в процессе гармонизации и социализации
_eучебное пособие
_fТ. С. Шишкина
_gМинистерство науки и высшего образования Российской Федерации, Федеральное государственное бюджетное образовательное учреждение высшего образования "Южный федеральный университет", Институт филологии, журналистики и межкультурной коммуникации, Кафедра английского языка гуманитарных факультетов
203 _aТекст
_bвизуальный
_cнепосредственный
210 _aРостов-на-Дону
_aТаганрог
_cИздательство Южного федерального университета
_d2020
215 _a110 с.
_cил.
_d20
300 _aПредисл. на рус. яз.
320 _aБиблиогр.: с. 108-109
510 1 _6z45790
_aИностранный язык (английский) как средство коммуникации в процессе гармонизации и социализации
_zrus
606 1 _aАнглийский язык
_xМежкультурная коммуникация
_jУчебные издания для высших учебных заведений
_2nlr_sh2
_3RU\NLR\AUTH\661420112
686 1 _aШ143.21-93рус3-77
700 1 _aŠiškina
_bT. S.
_gTat'jana Semenovna
790 1 _6z45510
_aШишкина
_bТ. С.
_gТатьяна Семеновна
942 _cBOOK
980 _aNBR
980 _aNB